[Event "GER-chT Christmas U16 Steinitz"]
[Site "Playchess.com INT"]
[Date "2020.12.28"]
[Round "2.3"]
[White "Wellssow, Keoki"]
[Black "Poggemann, Alexander"]
[Result "0-1"]
[WhiteElo "1510"]
[BlackElo "1813"]
[PlyCount "54"]
[EventDate "2020.12.28"]
[EventType "team-swiss (blitz)"]
[EventRounds "7"]
[EventCountry "GER"]
[SourceTitle "CBM 200 Extra"]
[Source "ChessBase"]
[SourceDate "2021.03.31"]
[SourceVersion "1"]
[SourceVersionDate "2021.03.31"]
[SourceQuality "1"]
[WhiteTeam "Rostock Makkabi"]
[BlackTeam "Hemer"]
[WhiteTeamCountry "GER"]
[BlackTeamCountry "GER"]

1. c4 e6 2. g3 d5 3. Bg2 Nf6 4. Nc3 Bb4 5. a3 Bxc3 6. bxc3 c5 7. e3 Nc6 8. Ne2 0-0 9. cxd5 exd5 10. d4 cxd4 11. cxd4 Bf5 12. 0-0 Qd7 13. Nc3 Bh3 14. Qb3 Rad8 15. f3 Bxg2 16. Kxg2 Rfe8 17. Rb1 Na5 18. Qb5 Qxb5 19. Nxb5 a6 20. Nc7 Re7 21. Bd2 Nc4 22. Bb4 Rxc7 23. Rfc1 Nxe3+ 24. Kf2 Rxc1 25. Rxc1 Nc4 26. Be7 Rd7 27. Bxf6 gxf6 0-1

[Event "Rostock SSC op 18th"]
[Site "Rostock"]
[Date "2019.08.11"]
[Round "7"]
[White "Wellssow, Keoki"]
[Black "Troyke, Jannis"]
[Result "0-1"]
[WhiteElo "1544"]
[BlackElo "1772"]
[PlyCount "38"]
[EventDate "2019.08.07"]
[EventType "swiss"]
[EventRounds "7"]
[EventCountry "GER"]
[SourceTitle "EXT 2020"]
[Source "ChessBase"]
[SourceDate "2019.10.17"]
[SourceVersion "1"]
[SourceVersionDate "2019.10.17"]
[SourceQuality "1"]

1. c4 Nf6 2. g3 g6 3. Bg2 d5 4. cxd5 Nxd5 5. d4 Bg7 6. e4 Nb6 7. Nf3 c5 8. dxc5 Qxd1+ 9. Kxd1 Na4 10. Kc2 Nxc5 11. Re1 Nc6 12. Bd2 Bg4 13. Bc3 0-0 14. h3 Bxf3 15. Bxf3 Bd4 16. Rf1 e5 17. Nd2 Rac8 18. Nb3 Na4 19. Rad1 Nb4+ 0-1

[Event "Rostock SSC op 18th"]
[Site "Rostock"]
[Date "2019.08.10"]
[Round "6"]
[White "Hilbert, Stephan Joerg"]
[Black "Wellssow, Keoki"]
[Result "1/2-1/2"]
[WhiteElo "1751"]
[BlackElo "1544"]
[PlyCount "54"]
[EventDate "2019.08.07"]
[EventType "swiss"]
[EventRounds "7"]
[EventCountry "GER"]
[SourceTitle "EXT 2020"]
[Source "ChessBase"]
[SourceDate "2019.10.17"]
[SourceVersion "1"]
[SourceVersionDate "2019.10.17"]
[SourceQuality "1"]

1. b4 e5 2. Bb2 Bxb4 3. Bxe5 Nf6 4. c4 d6 5. Bb2 Nc6 6. e3 Bf5 7. Nf3 0-0 8. Be2 Re8 9. 0-0 Rb8 10. a3 Ba5 11. d4 Ne4 12. Qb3 Qf6 13. Nc3 Nxc3 14. Bxc3 Bxc3 15. Qxc3 g5 16. Qd2 Re7 17. Bd3 g4 18. Ne1 Bxd3 19. Qxd3 Na5 20. Nc2 c5 21. d5 Rbe8 22. a4 Re4 23. Na3 b6 24. Rab1 Qh6 25. Rbe1 R8e5 26. f4 gxf3 27. Rxf3 Kf8 1/2-1/2

[Event "GER-ch U14"]
[Site "Willingen"]
[Date "2019.06.15"]
[Round "9"]
[White "Wellssow, Keoki"]
[Black "May, Ben Iven"]
[Result "0-1"]
[WhiteElo "1509"]
[BlackElo "1692"]
[PlyCount "96"]
[EventDate "2019.06.08"]
[EventType "swiss"]
[EventRounds "9"]
[EventCountry "GER"]
[SourceTitle "CBM 191 Extra"]
[Source "ChessBase"]
[SourceDate "2019.09.30"]
[SourceVersion "1"]
[SourceVersionDate "2019.09.30"]
[SourceQuality "1"]

1. c4 Nf6 2. g3 g6 3. Bg2 Bg7 4. Nc3 0-0 5. e3 d6 6. Nge2 e5 7. 0-0 Nbd7 8. d3 Ne8 9. f4 f5 10. Bd2 c6 11. Qc2 Qc7 12. Rfc1 Nef6 13. Rab1 Re8 14. h3 Kh8 15. b4 exf4 16. exf4 a6 17. Kh2 h6 18. Re1 Nf8 19. Ng1 Bd7 20. Nf3 Re6 21. Rxe6 Nxe6 22. Be3 b5 23. cxb5 axb5 24. Rc1 Rc8 25. Qb3 Qb8 26. a3 Kh7 27. Kg1 Nh5 28. Kh2 d5 29. Bf2 g5 30. fxg5 hxg5 31. Re1 Bf6 32. Ne2 g4 33. Nfd4 Nxd4 34. Nxd4 Bxd4 35. Re7+ Kg6 36. Bxd4 Qxg3+ 37. Kg1 gxh3 38. Qc2 Re8 39. Rxe8 Bxe8 40. Qe2 Qxg2+ 41. Qxg2+ hxg2 42. Kxg2 Nf4+ 43. Kf3 Nxd3 44. Ke3 Ne1 45. Ke2 Ng2 46. Kf2 Nf4 47. Kf3 Ne6 48. Be3 f4 0-1

[Event "GER-ch U14"]
[Site "Willingen"]
[Date "2019.06.12"]
[Round "6"]
[White "Bornholdt, Joa Max"]
[Black "Wellssow, Keoki"]
[Result "1-0"]
[WhiteElo "1754"]
[BlackElo "1509"]
[PlyCount "33"]
[EventDate "2019.06.08"]
[EventType "swiss"]
[EventRounds "9"]
[EventCountry "GER"]
[SourceTitle "CBM 191 Extra"]
[Source "ChessBase"]
[SourceDate "2019.09.30"]
[SourceVersion "1"]
[SourceVersionDate "2019.09.30"]
[SourceQuality "1"]

1. e4 g6 2. d4 Bg7 3. Nc3 d6 4. f4 a6 5. Nf3 b5 6. Bd3 Bb7 7. e5 dxe5 8. fxe5 Nd7 9. e6 fxe6 10. Ng5 Nf8 11. Qe2 Nf6 12. Bf4 Qxd4 13. Bg3 Bxg2 14. Qxg2 Qe3+ 15. Ne2 Rd8 16. Bxc7 Rc8 17. Qb7 1-0

[Event "GER-ch U14"]
[Site "Willingen"]
[Date "2019.06.12"]
[Round "5"]
[White "Kolmykov, Egor"]
[Black "Wellssow, Keoki"]
[Result "1-0"]
[WhiteElo "1592"]
[BlackElo "1509"]
[PlyCount "79"]
[EventDate "2019.06.08"]
[EventType "swiss"]
[EventRounds "9"]
[EventCountry "GER"]
[SourceTitle "CBM 191 Extra"]
[Source "ChessBase"]
[SourceDate "2019.09.30"]
[SourceVersion "1"]
[SourceVersionDate "2019.09.30"]
[SourceQuality "1"]

1. e4 g6 2. d3 Bg7 3. g3 d6 4. f4 c5 5. Bg2 Qb6 6. Nd2 Nf6 7. Ngf3 Nc6 8. c3 Be6 9. 0-0 Ng4 10. Qe2 0-0-0 11. Ng5 Nh6 12. Nxe6 fxe6 13. Nc4 Qa6 14. Bh3 b5 15. Bxe6+ Kc7 16. Ne3 b4 17. Bc4 Qa5 18. Nd5+ Kd7 19. cxb4 cxb4 20. Qg2 Ng4 21. Qh3 Bd4+ 22. Kg2 h5 23. Ne3 Bxe3 24. Bxe3 Kc7 25. Bd2 Nd4 26. Bb3 Kb6 27. Bd1 Qb5 28. Bxg4 hxg4 29. Qxg4 Qxd3 30. Rf2 Qxe4+ 31. Kg1 Rxh2 32. Rxh2 Nf3+ 33. Kf2 Nxh2 34. Qe2 Ng4+ 35. Qxg4 Rh8 36. Be3+ Kb5 37. Qd7+ Ka6 38. Qxa7+ Kb5 39. Qb6+ Kc4 40. Rc1+ 1-0

[Event "GER-ch U14"]
[Site "Willingen"]
[Date "2019.06.09"]
[Round "1"]
[White "Evering, Soeren"]
[Black "Wellssow, Keoki"]
[Result "1-0"]
[WhiteElo "1879"]
[BlackElo "1509"]
[PlyCount "23"]
[EventDate "2019.06.08"]
[EventType "swiss"]
[EventRounds "9"]
[EventCountry "GER"]
[SourceTitle "CBM 191 Extra"]
[Source "ChessBase"]
[SourceDate "2019.09.30"]
[SourceVersion "1"]
[SourceVersionDate "2019.09.30"]
[SourceQuality "1"]

1. e4 g6 2. d4 Bg7 3. Bc4 d6 4. Nf3 h6 5. 0-0 a6 6. Qe2 b5 7. Bb3 Bb7 8. e5 dxe5 9. Nxe5 e6 10. Nxf7 Qe7 11. Nxh8 Bxh8 12. Qg4 1-0

[Event "GER-ch U14"]
[Site "Willingen"]
[Date "2019.06.09"]
[Round "2"]
[White "Wellssow, Keoki"]
[Black "Elsner, Robert"]
[Result "0-1"]
[WhiteElo "1509"]
[BlackElo "1745"]
[PlyCount "46"]
[EventDate "2019.06.08"]
[EventType "swiss"]
[EventRounds "9"]
[EventCountry "GER"]
[SourceTitle "CBM 191 Extra"]
[Source "ChessBase"]
[SourceDate "2019.09.30"]
[SourceVersion "1"]
[SourceVersionDate "2019.09.30"]
[SourceQuality "1"]

1. c4 Nf6 2. g3 g6 3. Bg2 Bg7 4. Nc3 0-0 5. e3 d6 6. Nge2 e5 7. 0-0 Nbd7 8. d3 Ne8 9. f4 f5 10. e4 fxe4 11. Nxe4 exf4 12. Nxf4 Ne5 13. Rb1 Nf6 14. Nxf6+ Rxf6 15. Nd5 Rxf1+ 16. Qxf1 c6 17. Nc3 Ng4 18. Bh3 Bd4+ 19. Kg2 Nf2 20. Bxc8 Qxc8 21. Bf4 Qh3+ 22. Kf3 Qg4+ 23. Kg2 Rf8 0-1

[Event "Mecklenburg VP-ch op"]
[Site "Greifswald"]
[Date "2019.04.14"]
[Round "3.3"]
[White "Bartel, Jethro Aldrich"]
[Black "Wellssow, Keoki"]
[Result "1-0"]
[WhiteElo "1450"]
[BlackElo "1523"]
[PlyCount "27"]
[EventDate "2019.04.13"]
[EventType "swiss"]
[EventRounds "7"]
[EventCountry "GER"]
[SourceTitle "EXT 2023"]
[Source "ChessBase"]
[SourceDate "2022.10.05"]
[SourceVersion "1"]
[SourceVersionDate "2022.10.05"]
[SourceQuality "1"]

1. e4 d6 2. d4 Nf6 3. Nc3 g6 4. f4 Bg7 5. Nf3 0-0 6. e5 Nfd7 7. h4 c5 8. h5 cxd4 9. Qxd4 dxe5 10. Qf2 exf4 11. hxg6 fxg6 12. Bc4+ Kh8 13. Rxh7+ Kxh7 14. Ng5+ 1-0

[Event "Mecklenburg VP-ch op"]
[Site "Greifswald"]
[Date "2019.04.14"]
[Round "4.3"]
[White "Schmidt, Paul1111"]
[Black "Wellssow, Keoki"]
[Result "1-0"]
[WhiteElo "1926"]
[BlackElo "1523"]
[PlyCount "29"]
[EventDate "2019.04.13"]
[EventType "swiss"]
[EventRounds "7"]
[EventCountry "GER"]
[SourceTitle "EXT 2023"]
[Source "ChessBase"]
[SourceDate "2022.10.05"]
[SourceVersion "1"]
[SourceVersionDate "2022.10.05"]
[SourceQuality "1"]

1. e4 d6 2. d4 Nf6 3. Nc3 g6 4. f4 Bg7 5. Nf3 0-0 6. e5 Nfd7 7. h4 c5 8. h5 cxd4 9. hxg6 hxg6 10. Qxd4 dxe5 11. fxe5 Nxe5 12. Qh4 Nxf3+ 13. gxf3 Re8 14. Qh7+ Kf8 15. Bh6 1-0

[Event "Mecklenburg VP-ch U14"]
[Site "Malchow"]
[Date "2019.02.06"]
[Round "7.2"]
[White "Grossmann, Piet"]
[Black "Wellssow, Keoki"]
[Result "0-1"]
[WhiteElo "1752"]
[BlackElo "1514"]
[PlyCount "140"]
[EventDate "2019.02.02"]
[EventType "swiss"]
[EventRounds "7"]
[EventCountry "GER"]
[SourceTitle "EXT 2022"]
[Source "ChessBase"]
[SourceDate "2021.10.06"]
[SourceVersion "1"]
[SourceVersionDate "2021.10.06"]
[SourceQuality "1"]

1. e4 g6 2. d4 Bg7 3. Nc3 d6 4. Bg5 Nf6 5. e5 Nfd7 6. f4 f6 7. exf6 Nxf6 8. Bxf6 Bxf6 9. Bc4 Nc6 10. Nf3 Bg4 11. Bb5 d5 12. 0-0 Qd6 13. Bxc6+ Qxc6 14. Qd2 Bxf3 15. Rxf3 0-0-0 16. a4 Qb6 17. Rd3 c5 18. Nb5 c4 19. Qc3 a6 20. Na3 e5 21. fxe5 Bxe5 22. Kh1 Bg7 23. Rd2 Kb8 24. Rad1 Ka8 25. a5 Qd6 26. Re2 Rde8 27. Rde1 Rxe2 28. Rxe2 Qf4 29. Qe1 Qxd4 30. c3 Qf6 31. Nc2 Rf8 32. h3 Qf1+ 33. Qxf1 Rxf1+ 34. Kh2 Rf7 35. Nb4 Rd7 36. Rd2 d4 37. cxd4 Rxd4 38. Re2 Rd7 39. Rc2 Be5+ 40. Kg1 Bg3 41. Rc1 Rd2 42. Kf1 Rxb2 43. Rxc4 Rf2+ 44. Kg1 Re2 45. Rc1 Re1+ 46. Rxe1 Bxe1 47. Nd5 Bxa5 48. Kf2 b5 49. Ke3 Kb7 50. Kd3 Kc6 51. Nf6 h6 52. Ng4 b4 53. Kc2 Kc5 54. Kb3 Bd8 55. Nxh6 a5 56. Ng4 Kb5 57. Ne5 a4+ 58. Ka2 b3+ 59. Kb1 a3 60. Nd3 Bf6 61. Nc1 Kc4 62. g3 a2+ 63. Nxa2 bxa2+ 64. Kxa2 Kd4 65. h4 Ke4 66. Kb1 Kf3 67. h5 gxh5 68. Kc2 Kxg3 69. Kd3 h4 70. Ke2 Kg2 0-1

[Event "Mecklenburg VP-ch U14"]
[Site "Malchow"]
[Date "2019.02.03"]
[Round "3.5"]
[White "Quade, Luca"]
[Black "Wellssow, Keoki"]
[Result "0-1"]
[WhiteElo "1194"]
[BlackElo "1514"]
[PlyCount "88"]
[EventDate "2019.02.02"]
[EventType "swiss"]
[EventRounds "7"]
[EventCountry "GER"]
[SourceTitle "EXT 2022"]
[Source "ChessBase"]
[SourceDate "2021.10.06"]
[SourceVersion "1"]
[SourceVersionDate "2021.10.06"]
[SourceQuality "1"]

1. e4 d6 2. d4 Nf6 3. Nc3 g6 4. Bc4 Bg7 5. Nf3 0-0 6. 0-0 c6 7. Be3 b5 8. Bb3 b4 9. Ne2 Nxe4 10. c3 bxc3 11. bxc3 Ba6 12. Rc1 Nd7 13. d5 c5 14. c4 Rb8 15. Qc2 f5 16. Nf4 Qa5 17. Ne6 Rfe8 18. Ba4 Bc8 19. Bd2 Nxd2 20. Nxd2 Rb2 21. Qd1 Rxd2 22. Qe1 Bh6 23. f4 Bg7 24. Rf3 Rxg2+ 25. Kxg2 Qxa4 26. Re3 Nf6 27. Nxg7 Kxg7 28. Rxe7+ Kf8 29. Re2 Ne4 30. Rb1 Ba6 31. Qh4 Kg8 32. Reb2 Qxc4 33. Rb8 Qe2+ 34. Kh1 Qf3+ 35. Kg1 Rxb8 36. Rxb8+ Kg7 37. Qe7+ Kh6 38. Qh4+ Qh5 39. Qxh5+ Kxh5 40. Rh8 h6 41. Rh7 c4 42. Rxa7 c3 43. Rxa6 c2 44. Rc6 Nc5 0-1

[Event "Mecklenburg VP-ch U14"]
[Site "Malchow"]
[Date "2019.02.02"]
[Round "1.6"]
[White "Engel, Benedikt"]
[Black "Wellssow, Keoki"]
[Result "1-0"]
[WhiteElo "1022"]
[BlackElo "1514"]
[PlyCount "41"]
[EventDate "2019.02.02"]
[EventType "swiss"]
[EventRounds "7"]
[EventCountry "GER"]
[SourceTitle "EXT 2022"]
[Source "ChessBase"]
[SourceDate "2021.10.06"]
[SourceVersion "1"]
[SourceVersionDate "2021.10.06"]
[SourceQuality "1"]

1. d4 Nf6 2. Nf3 g6 3. Bg5 Bg7 4. e3 0-0 5. Bd3 d6 6. 0-0 Nbd7 7. Re1 c5 8. c3 b6 9. a3 Qc7 10. Qc2 c4 11. Be2 Bb7 12. Nbd2 b5 13. b3 cxb3 14. Qxb3 a6 15. Rec1 Rfe8 16. c4 bxc4 17. Rxc4 Qb8 18. Rb4 Ra7 19. Rb1 Bd5 20. Rxb8 Bxb3 21. Rxe8+ 1-0

[Event "GER-ch U25-C"]
[Site "Willingen"]
[Date "2018.05.20"]
[Round "1"]
[White "Wellssow, Keoki"]
[Black "Yang, Marco"]
[Result "1-0"]
[WhiteElo "1241"]
[BlackElo "1026"]
[PlyCount "31"]
[EventDate "2018.05.19"]
[EventType "swiss"]
[EventRounds "9"]
[EventCountry "GER"]
[SourceTitle "CBM 184 Extra"]
[Source "ChessBase"]
[SourceDate "2018.06.28"]
[SourceVersion "1"]
[SourceVersionDate "2018.06.28"]
[SourceQuality "1"]

1. d4 Nf6 2. Nf3 d5 3. Bf4 g6 4. e3 Bg7 5. c4 c6 6. Qb3 Be6 7. Qxb7 Nbd7 8. c5 Qa5+ 9. b4 Qd8 10. Ba6 0-0 11. Qxc6 Nb8 12. Qxa8 Nxa6 13. Qxd8 Rxd8 14. a3 Ne4 15. b5 Nc7 16. Bxc7 1-0

[Event "Mecklenburg VP-ch U12"]
[Site "Malchow"]
[Date "2018.02.07"]
[Round "7.2"]
[White "Wellssow, Keoki"]
[Black "Gressler, Christian"]
[Result "1-0"]
[WhiteElo "1470"]
[BlackElo "1290"]
[PlyCount "137"]
[EventDate "2018.02.07"]
[EventType "swiss"]
[EventRounds "7"]
[EventCountry "GER"]
[SourceTitle "EXT 2022"]
[Source "ChessBase"]
[SourceDate "2021.10.06"]
[SourceVersion "1"]
[SourceVersionDate "2021.10.06"]
[SourceQuality "1"]

1. Nf3 d5 2. g3 Nf6 3. Bg2 Bg4 4. 0-0 Bxf3 5. Bxf3 e6 6. d3 c5 7. c4 Nc6 8. Nd2 Qd7 9. Bg2 Be7 10. f4 Ng4 11. Nb3 0-0 12. e4 d4 13. Qxg4 f5 14. Qe2 g6 15. Re1 Rf6 16. exf5 gxf5 17. a3 Rg6 18. Nd2 Kh8 19. Nf3 Rag8 20. Ng5 Bxg5 21. fxg5 Na5 22. Qe5+ R8g7 23. Bf4 Kg8 24. Qb8+ Kf7 25. h4 Rg8 26. Qe5 Qe7 27. h5 R6g7 28. Qf6+ Qxf6 29. gxf6 Rg4 30. Bf3 Rxf4 31. Kf2 Rxf3+ 32. Kxf3 Kxf6 33. b4 Nb3 34. Ra2 a5 35. Rb2 a4 36. Reb1 b6 37. bxc5 bxc5 38. Rxb3 axb3 39. Rxb3 Kg5 40. a4 Ra8 41. Ra3 Kxh5 42. Kf4 Kg6 43. Ke5 Kf7 44. a5 Ke7 45. a6 h5 46. a7 Kd7 47. Ra6 Kc8 48. Ra3 Kb7 49. Kxe6 f4 50. gxf4 h4 51. Ra2 Rxa7 52. Rh2 Ra3 53. Rh3 Kc8 54. Kd5 Kd7 55. Kxc5 Ra5+ 56. Kxd4 Rh5 57. Ke4 Kd6 58. f5 Ke7 59. Ke5 Rh6 60. c5 Rc6 61. d4 Rh6 62. d5 Rh5 63. c6 Kd8 64. d6 Kc8 65. Ke6 Kd8 66. Ra3 Rh6+ 67. f6 Rxf6+ 68. Kxf6 Kc8 69. Ra8# 1-0

[Event "Mecklenburg VP-ch U12"]
[Site "Malchow"]
[Date "2018.02.07"]
[Round "5.5"]
[White "Wellssow, Keoki"]
[Black "Kloepzig, Lars Arvid"]
[Result "1-0"]
[WhiteElo "1470"]
[BlackElo "1329"]
[PlyCount "77"]
[EventDate "2018.02.07"]
[EventType "swiss"]
[EventRounds "7"]
[EventCountry "GER"]
[SourceTitle "EXT 2022"]
[Source "ChessBase"]
[SourceDate "2021.10.06"]
[SourceVersion "1"]
[SourceVersionDate "2021.10.06"]
[SourceQuality "1"]

1. Nf3 Nf6 2. d4 d5 3. Bf4 Nc6 4. e3 g6 5. c4 e6 6. a3 a5 7. Nc3 Bg7 8. Nb5 0-0 9. Nxc7 Ra7 10. Nb5 Ra6 11. c5 b6 12. Bc7 Qd7 13. Bxb6 Ne8 14. Nd6 Rxb6 15. Nxc8 Rxb2 16. Nb6 Qb7 17. Qc1 Rb3 18. Qc2 a4 19. Nxa4 Nf6 20. Nb6 Na5 21. Nd2 Rxb6 22. cxb6 Qxb6 23. Rb1 Qd6 24. Qc5 Qd8 25. Bb5 Nb7 26. Qa7 Nd6 27. 0-0 Nfe4 28. Nxe4 Nxe4 29. Rfc1 Nd2 30. Rb2 Bxd4 31. exd4 Ne4 32. Rbc2 Nd6 33. a4 h5 34. Qd7 Qxd7 35. Bxd7 Nc4 36. Bb5 Nd6 37. Rc6 Nxb5 38. axb5 g5 39. Rc8 1-0

[Event "Mecklenburg VP-ch U12"]
[Site "Malchow"]
[Date "2018.02.07"]
[Round "1.2"]
[White "Wellssow, Keoki"]
[Black "Schott, Andy"]
[Result "0-1"]
[WhiteElo "1470"]
[BlackElo "1080"]
[PlyCount "68"]
[EventDate "2018.02.07"]
[EventType "swiss"]
[EventRounds "7"]
[EventCountry "GER"]
[SourceTitle "EXT 2022"]
[Source "ChessBase"]
[SourceDate "2021.10.06"]
[SourceVersion "1"]
[SourceVersionDate "2021.10.06"]
[SourceQuality "1"]

1. d4 d5 2. Nf3 Nf6 3. Bf4 Nbd7 4. e3 e6 5. c4 b6 6. Qb3 Bb7 7. Na3 c6 8. Ne5 Nxe5 9. Bxe5 Be7 10. c5 0-0 11. Rc1 Rc8 12. Bd3 Ng4 13. Bg3 Re8 14. h3 Nf6 15. h4 Nh5 16. Be2 Nxg3 17. fxg3 Qc7 18. Rh3 Bf6 19. h5 e5 20. Bd3 exd4 21. Bxh7+ Kxh7 22. Qd3+ Kg8 23. Kd1 Rxe3 24. Qf5 Qe5 25. Qg4 Re1+ 26. Kc2 Rxc1+ 27. Kxc1 Qg5+ 28. Qf4 Qxf4+ 29. gxf4 Re8 30. h6 g6 31. f5 gxf5 32. Rg3+ Kh7 33. Rh3 Re3 34. Rh4 Bxh4 0-1

[Event "GER-ch U10"]
[Site "Willingen"]
[Date "2016.05.18"]
[Round "6.28"]
[White "Mueller, Maximilian3333"]
[Black "Wellssow, Keoki"]
[Result "0-1"]
[WhiteElo "784"]
[BlackElo "975"]
[PlyCount "100"]
[EventDate "2016.05.15"]
[EventType "swiss"]
[EventRounds "11"]
[EventCountry "GER"]
[SourceTitle "CBM 172 Extra"]
[Source "ChessBase"]
[SourceDate "2016.06.21"]
[SourceVersion "1"]
[SourceVersionDate "2016.06.21"]
[SourceQuality "1"]

1. e4 e5 2. Nf3 Nc6 3. Bc4 Nf6 4. Nc3 Nxe4 5. Bxf7+ Kxf7 6. Nxe4 Be7 7. d3 h6 8. Bd2 Rf8 9. Qe2 Kg8 10. 0-0 d5 11. Ng3 Bg4 12. Kh1 Qd6 13. Rg1 Nd4 14. Qd1 Nxf3 15. Rf1 Nxh2 16. Qc1 Nxf1 17. Qxf1 Bh4 18. Qc1 Bxg3 19. fxg3 Rf7 20. c4 dxc4 21. Qxc4 Qe6 22. Qxe6 Bxe6 23. Re1 Raf8 24. Kg1 Bxa2 25. Rxe5 Rf1+ 26. Kh2 R8f2 27. Be3 Re2 28. Ra5 Rxe3 29. Rxa2 Rxd3 30. Rxa7 Rb3 31. Ra8+ Kh7 32. Rc8 Rc1 33. Kh3 Rxb2 34. Re8 c5 35. g4 c4 36. Kh4 Rxg2 37. Kh3 Rgg1 38. Rc8 Rc3+ 39. Kh2 Rxg4 40. Rc7 b5 41. Rc5 Rg5 42. Rc8 Rd5 43. Rf8 Rd2+ 44. Kg1 Rc1+ 45. Rf1 Rxf1+ 46. Kxf1 c3 47. Ke1 b4 48. Kf1 b3 49. Ke1 b2 50. Kf1 b1R# 0-1

[Event "GER-ch U10"]
[Site "Willingen"]
[Date "2016.05.16"]
[Round "3.27"]
[White "Walter, Alexander"]
[Black "Wellssow, Keoki"]
[Result "1-0"]
[WhiteElo "1128"]
[BlackElo "975"]
[PlyCount "103"]
[EventDate "2016.05.15"]
[EventType "swiss"]
[EventRounds "11"]
[EventCountry "GER"]
[SourceTitle "CBM 172 Extra"]
[Source "ChessBase"]
[SourceDate "2016.06.21"]
[SourceVersion "1"]
[SourceVersionDate "2016.06.21"]
[SourceQuality "1"]

1. e4 e5 2. Nf3 Nc6 3. Bc4 Nf6 4. d3 Bc5 5. c3 d6 6. Bb3 Be6 7. Bc2 d5 8. exd5 Bxd5 9. 0-0 Qd7 10. h3 0-0 11. Nbd2 Rfe8 12. Re1 Re7 13. Nf1 h6 14. Ng3 Rae8 15. b4 Bd6 16. a3 e4 17. dxe4 Bxe4 18. Nxe4 Nxe4 19. Bxe4 Rxe4 20. Be3 Rc4 21. Qc2 Ne5 22. Nxe5 Bxe5 23. Rad1 Bd6 24. Qb3 Rh4 25. c4 Qf5 26. c5 Be5 27. Qb1 Qxb1 28. Rxb1 Bc3 29. Red1 Rhe4 30. Rd3 Rc4 31. Rc1 Re6 32. Rcxc3 Ree4 33. Rxc4 Rxc4 34. Rd7 Rc3 35. a4 Ra3 36. a5 Rb3 37. Rxc7 Rxb4 38. c6 bxc6 39. Rxc6 Rb7 40. a6 Rd7 41. Rc8+ Kh7 42. Ra8 Rd1+ 43. Kh2 Rd7 44. Rxa7 Rd8 45. Rb7 Ra8 46. a7 Rc8 47. Rb8 Rxb8 48. axb8Q Kg6 49. Kg3 f5 50. Qe8+ Kf6 51. Bd4+ Kg5 52. h4# 1-0